000 00755nam a2200229 i 4500
001 27009
003 ES-MaACL
005 20250804010207.0
007 t|
008 030113s1985 sp ||||1| spa d
020 _a84-206-0083-0
100 1 _aAsimov, Isaac.
_923610
245 1 0 _aHistoria de la energía nuclear /
_cIsaac Asimov ; [traductor, Miguel Paredes].
260 _aMadrid :
_bAlianza Editorial,
_c[1985]
300 _a175 p. :
_bil. ;
_c18 cm.
490 1 _aEl libro de bolsillo. Ciencia y técnica ;
_v1083
650 4 _aEnergía nuclear.
_912254
700 1 _aParedes Larrucea, Miguel.
_989050
830 1 3 _aEl libro de bolsillo.
_pCiencia y técnica
_v1083
_9181079
852 _aES-MaACL
_jL-8222
999 _c27009
_d27009